Central Library OPAC University of Rajshahi

ECE Symposium on Problems Relating to Environment : (Record no. 52736)

MARC details
000 -LEADER
fixed length control field 00815nam a2200229 a 4500
001 - CONTROL NUMBER
control field 52736
003 - CONTROL NUMBER IDENTIFIER
rucl marc code BD-RjUL
005 - DATE AND TIME OF LATEST TRANSACTION
control field 20211209075843.0
008 - FIXED-LENGTH DATA ELEMENTS--GENERAL INFORMATION
fixed length control field 160926s1971 nyu o100 0 eng d
035 ## - SYSTEM CONTROL NUMBER
System control number (BD-RjUL)52856
040 ## - CATALOGING SOURCE
Original cataloging agency BD-RjUL
Language of cataloging eng
Transcribing agency BD-RjUL
Modifying agency BD-RjUL
041 ## - LANGUAGE CODE
Language code of text/sound track or separate title eng
082 ## - DEWEY DECIMAL CLASSIFICATION NUMBER
Edition number 23
Classification number 333.7
Author mark and year ECE 1971
245 10 - TITLE STATEMENT
Title ECE Symposium on Problems Relating to Environment :
Remainder of title proceedings and documentation of the symposium /
Statement of responsibility, etc. United Nations. Economic Commission for Europe.
260 ## - PUBLICATION, DISTRIBUTION, ETC. (IMPRINT)
Place of publication, distribution, etc. New York :
Name of publisher, distributor, etc. United Nations,
Date of publication, distribution, etc. 1971
300 ## - PHYSICAL DESCRIPTION
Pagination vii, 386 p. :
Illustrations ill. ;
Size 28 cm
490 ## - SERIES STATEMENT
Series statement Economic commission for Europe
650 #0 - SUBJECT ADDED ENTRY--TOPICAL TERM
Topical term or geographic name as entry element Environmental policy
9 (RLIN) 157708
710 2# - ADDED ENTRY--CORPORATE NAME
Corporate name or jurisdiction name as entry element United Nations.
Subordinate unit Economic Commission for Europe.
9 (RLIN) 157709
830 ## - SERIES ADDED ENTRY--UNIFORM TITLE
Uniform title Economic commission for Europe
942 ## - ADDED ENTRY ELEMENTS (KOHA)
Source of classification or shelving scheme Dewey Decimal Classification
Koha item type Books
Holdings
Lost status Source of classification or shelving scheme Damaged status Not for loan Collection code Permanent Location Current Location Shelving location Date acquired Source of acquisition Cost, normal purchase price Total Checkouts Full call number Date last seen Copy number Koha item type
  Dewey Decimal Classification     Non-fiction Central Library, University of Rajshahi Central Library, University of Rajshahi   26/09/1974 Gono prakasoni, Dacca. 104.00   333.7 ECE 1971 26/09/2016 C-2 Books
  Dewey Decimal Classification   Not For Loan Non-fiction Central Library, University of Rajshahi Central Library, University of Rajshahi Reading Room 26/09/1974 Gono pakistan, Dacca 104.00   333.7 ECE 1971 03/01/2017 C-1 Books